[Event "18th Prague Open-A 2019"]
[Site "Prague"]
[Date "2019.01.17"]
[Round "8"]
[White "Cerveny, Petr"]
[Black "Riha, Vojtech"]
[Result "1/2-1/2"]
[WhiteElo "2318"]
[BlackElo "2145"]
[Annotator "NA"]
[PlyCount "98"]
[EventDate "2019.01.11"]
[EventType "swiss"]
[EventCountry "CZE"]
[SourceTitle "playchess.com"]
[Source "ChessBase"]
[SourceQuality "1"]
[TimeControl "40/5400+30:1800+30"]

1. e4 c5 {[%emt 0:00:00]} 2. Nf3 Nc6 {[%emt 0:00:14]} 3. Bb5 {[%emt 0:00:19]} g6 {[%emt 0:00:10]} 4. Bxc6 {[%emt 0:00:12]} dxc6 {[%emt 0:00:16]} 5. d3 {[%emt 0:00:06]} Bg4 {[%emt 0:01:12]} 6. Nbd2 {[%emt 0:00:15]} Bg7 {[%emt 0:00:51]} 7. h3 {[%emt 0:00:09]} Bxf3 {[%emt 0:00:14]} 8. Nxf3 {[%emt 0:00:09]} e5 {[%emt 0:01:53]} 9. O-O {[%emt 0:03:13]} Qe7 {[%emt 0:03:53]} 10. Qe1 {[%emt 0:06:48]} Nf6 {[%emt 0:03:49]} 11. Qc3 {[%emt 0:00:24]} Nd7 {[%emt 0:01:06]} 12. Bg5 {[%emt 0:05:38]} Qd6 {[%emt 0:08:26]} 13. Nd2 {[%emt 0:01:47]} O-O {[%emt 0:03:12]} 14. a4 {[%emt 0:03:08]} h6 {[%emt 0:05:26]} 15. Be3 {[%emt 0:02:55]} Kh7 {[%emt 0:02:51]} 16. a5 {[%emt 0:03:29]} f5 {[%emt 0:03:38]} 17. Nb3 {[%emt 0:00:46]} b6 {[%emt 0:01:09]} 18. f3 {[%emt 0:00:15]} f4 {[%emt 0:07:19]} 19. Bf2 {[%emt 0:00:18]} g5 {[%emt 0:00:13]} 20. Ra2 {[%emt 0:00:27]} h5 {[%emt 0:01:24]} 21. Rfa1 {[%emt 0:00:46]} Rad8 {[%emt 0:01:58]} 22. axb6 {[%emt 0:00:57]} axb6 {[%emt 0:00:05]} 23. Ra7 {[%emt 0:01:31]} Qg6 {[%emt 0:04:29]} 24. Kf1 {[%emt 0:22:01]} Rf7 {[%emt 0:07:35]} 25. Ke2 {[%emt 0:00:59]} Nf8 {[%emt 0:09:30]} 26. R1a6 {[%emt 0:01:25]} Rb8 {[%emt 0:02:18]} 27. Nd2 {[%emt 0:06:07]} g4 {[%emt 0:09:24]} 28. hxg4 {[%emt 0:05:12]} hxg4 {[%emt 0:00:17]} 29. Rxf7 {[%emt 0:04:45]} Qxf7 {[%emt 0:00:14]} 30. Qb3 {[%emt 0:00:36]} Qh5 {[%emt 0:08:13]} 31. Ra7 {[%emt 0:06:22]} g3 {[%emt 0:06:03]} 32. Bg1 {[%emt 0:00:47]} Kh8 {[%emt 0:07:31]} 33. c3 {[%emt 0:02:15]} Nh7 {[%emt 0:00:55]} 34. Qe6 {[%emt 0:05:38]} Ng5 {[%emt 0:00:35]} 35. Qe7 {[%emt 0:00:01]} Rg8 {[%emt 0:00:23]} 36. Rb7 {[%emt 0:03:12]} Qh1 {[%emt 0:00:39]} 37. Kf1 {[%emt 0:00:23]} Qh6 {[%emt 0:00:28]} 38. Ra7 {[%emt 0:01:41]} Nh3 {[%emt 0:00:24]} 39. gxh3 {[%emt 0:01:31]} Qxh3+ {[%emt 0:00:05]} 40. Ke1 {[%emt 0:00:06]} Qh1 {[%emt 0:00:07]} 41. Nf1 {[%emt 0:38:19]} g2 {[%emt 0:30:53]} 42. Qg5 {[%emt 0:00:15]} gxf1=Q+ {[%emt 0:00:00]} 43. Kxf1 {[%emt 0:00:00]} Qxf3+ {[%emt 0:00:00]} 44. Ke1 {[%emt 0:00:00]} Qh1 {[%emt 0:00:00]} 45. Rc7 {[%emt 0:00:00]} c4 {[%emt 0:00:00]} 46. Rxc6 {[%emt 0:00:00]} Bf8 {[%emt 0:00:00]} 47. Qf6+ {[%emt 0:00:00]} Bg7 {[%emt 0:00:00]} 48. Qg5 {[%emt 0:00:00]} Bf8 {[%emt 0:00:00]} 49. Qf6+ {[%emt 0:00:00]} Bg7 {[%emt 0:00:00]} 1/2-1/2

[Event "18th Prague Open-A 2019"]
[Site "Prague"]
[Date "2019.01.17"]
[Round "8"]
[White "Zhang, Xiaopeng"]
[Black "Krivonosov, Oleg"]
[Result "1/2-1/2"]
[WhiteElo "2299"]
[BlackElo "2390"]
[Annotator "NA"]
[PlyCount "112"]
[EventDate "2019.01.11"]
[EventType "swiss"]
[EventCountry "CZE"]
[SourceTitle "playchess.com"]
[Source "ChessBase"]
[SourceQuality "1"]
[TimeControl "40/5400+30:1800+30"]

1. d4 {[%emt 0:00:00]} d5 2. c4 {[%emt 0:00:00]} e6 {[%emt 0:00:00]} 3. Nf3 {[%emt 0:00:00]} Nf6 {[%emt 0:00:02]} 4. g3 {[%emt 0:00:00]} Bb4+ {[%emt 0:00:08]} 5. Bd2 {[%emt 0:02:34]} Be7 {[%emt 0:00:10]} 6. Bg2 {[%emt 0:00:17]} O-O {[%emt 0:00:09]} 7. O-O {[%emt 0:01:52]} c6 {[%emt 0:00:41]} 8. b3 {[%emt 0:00:46]} Nbd7 {[%emt 0:00:27]} 9. Nc3 {[%emt 0:00:43]} b6 {[%emt 0:00:22]} 10. Qc2 {[%emt 0:00:21]} Bb7 {[%emt 0:00:15]} 11. Bf4 {[%emt 0:04:06]} Rc8 {[%emt 0:03:44]} 12. Rfd1 {[%emt 0:01:11]} c5 {[%emt 0:03:34]} 13. Nb5 {[%emt 0:06:38]} cxd4 {[%emt 0:02:21]} 14. Nd6 {[%emt 0:10:00]} Bxd6 {[%emt 0:03:51]} 15. Bxd6 {[%emt 0:00:52]} Re8 {[%emt 0:00:19]} 16. Nxd4 {[%emt 0:00:49]} Nc5 17. Bxc5 {[%emt 0:04:31]} bxc5 {[%emt 0:03:28]} 18. Nb5 {[%emt 0:03:11]} Qb6 {[%emt 0:05:29]} 19. e3 {[%emt 0:02:30]} Red8 {[%emt 0:02:50]} 20. Rd2 {[%emt 0:13:25]} Bc6 {[%emt 0:07:19]} 21. Nc3 {[%emt 0:04:19]} d4 {[%emt 0:04:55]} 22. exd4 {[%emt 0:01:38]} Bxg2 {[%emt 0:01:20]} 23. Kxg2 {[%emt 0:00:40]} cxd4 {[%emt 0:01:19]} 24. Ne4 {[%emt 0:02:14]} Qc6 {[%emt 0:04:18]} 25. Re1 {[%emt 0:01:18]} h6 {[%emt 0:11:37]} 26. f3 {[%emt 0:03:03]} Nd5 {[%emt 0:01:23]} 27. Qd1 {[%emt 0:00:34]} Ne7 {[%emt 0:04:14]} 28. Rxd4 {[%emt 0:00:27]} Qb6 {[%emt 0:00:18]} 29. Nd6 {[%emt 0:07:18]} Rc6 {[%emt 0:05:09]} 30. Nb5 {[%emt 0:00:12]} Rxd4 {[%emt 0:00:28]} 31. Qxd4 {[%emt 0:00:09]} Qxd4 {[%emt 0:00:32]} 32. Nxd4 {[%emt 0:00:05]} Rd6 {[%emt 0:00:06]} 33. Re4 {[%emt 0:02:15]} Kf8 {[%emt 0:00:42]} 34. c5 {[%emt 0:01:23]} Rd5 {[%emt 0:01:29]} 35. b4 {[%emt 0:00:14]} e5 {[%emt 0:02:39]} 36. Nb3 {[%emt 0:00:22]} f5 37. Rc4 {[%emt 0:00:59]} a6 {[%emt 0:02:57]} 38. Kf2 {[%emt 0:01:24]} Rd1 39. Rc1 {[%emt 0:02:07]} Rxc1 {[%emt 0:02:18]} 40. Nxc1 {[%emt 0:00:05]} Nd5 {[%emt 0:00:06]} 41. a3 {[%emt 0:30:49]} Ke7 {[%emt 0:30:38]} 42. Ke2 {[%emt 0:04:35]} g5 {[%emt 0:00:37]} 43. Kd3 {[%emt 0:01:04]} h5 {[%emt 0:00:15]} 44. Ne2 {[%emt 0:01:56]} g4 {[%emt 0:00:39]} 45. fxg4 {[%emt 0:07:59]} hxg4 {[%emt 0:00:09]} 46. Nc3 {[%emt 0:01:45]} Nf6 {[%emt 0:01:30]} 47. Ke3 {[%emt 0:00:30]} Kd7 {[%emt 0:00:20]} 48. Kd3 f4 {[%emt 0:01:54]} 49. gxf4 {[%emt 0:06:44]} exf4 {[%emt 0:00:09]} 50. Ne4 {[%emt 0:02:23]} Nh5 {[%emt 0:01:20]} 51. a4 {[%emt 0:00:00]} g3 {[%emt 0:00:00]} 52. hxg3 {[%emt 0:00:00]} fxg3 {[%emt 0:00:00]} 53. Ke3 {[%emt 0:00:00]} Kc6 {[%emt 0:00:00]} 54. Kf3 {[%emt 0:00:00]} g2 {[%emt 0:00:00]} 55. Kxg2 {[%emt 0:00:00]} Nf4+ {[%emt 0:00:00]} 56. Kf3 {[%emt 0:00:00]} Nd5 {[%emt 0:00:00]} 1/2-1/2

[Event "18th Prague Open-A 2019"]
[Site "Prague"]
[Date "2019.01.17"]
[Round "8"]
[White "Gomes, Mary Ann"]
[Black "Kacharava, Nikolozi"]
[Result "1/2-1/2"]
[WhiteElo "2296"]
[BlackElo "2397"]
[Annotator "NA"]
[PlyCount "103"]
[EventDate "2019.01.11"]
[EventType "swiss"]
[EventCountry "CZE"]
[SourceTitle "playchess.com"]
[Source "ChessBase"]
[SourceQuality "1"]
[TimeControl "40/5400+30:1800+30"]

1. Nf3 {[%emt 0:00:00]} d5 {[%emt 0:00:00]} 2. g3 {[%emt 0:00:00]} Nf6 {[%emt 0:00:00]} 3. Bg2 {[%emt 0:00:00]} g6 {[%emt 0:00:30]} 4. b3 {[%emt 0:00:13]} Bg7 {[%emt 0:00:37]} 5. Bb2 {[%emt 0:00:07]} c5 {[%emt 0:00:24]} 6. e3 {[%emt 0:02:00]} Nc6 {[%emt 0:01:45]} 7. Ne5 {[%emt 0:03:39]} O-O {[%emt 0:06:46]} 8. O-O {[%emt 0:01:59]} Qc7 {[%emt 0:04:46]} 9. Nxc6 {[%emt 0:04:33]} bxc6 {[%emt 0:01:36]} 10. d3 {[%emt 0:00:53]} e5 {[%emt 0:02:21]} 11. c4 {[%emt 0:08:09]} d4 {[%emt 0:05:51]} 12. exd4 {[%emt 0:00:34]} cxd4 {[%emt 0:01:41]} 13. Ba3 {[%emt 0:08:08]} Re8 {[%emt 0:04:12]} 14. Nd2 {[%emt 0:01:04]} Rb8 {[%emt 0:11:01]} 15. b4 {[%emt 0:00:30]} Bg4 {[%emt 0:08:35]} 16. Qa4 {[%emt 0:12:36]} Be2 {[%emt 0:04:57]} 17. Qxc6 {[%emt 0:09:34]} Qxc6 {[%emt 0:01:37]} 18. Bxc6 {[%emt 0:00:07]} Re6 {[%emt 0:05:32]} 19. Rfe1 {[%emt 0:01:50]} Bxd3 {[%emt 0:00:18]} 20. b5 {[%emt 0:00:44]} a6 {[%emt 0:10:35]} 21. Nb3 {[%emt 0:08:07]} axb5 {[%emt 0:11:30]} 22. Bxb5 {[%emt 0:00:07]} Bc2 {[%emt 0:00:46]} 23. Nc5 {[%emt 0:02:03]} Reb6 {[%emt 0:00:28]} 24. Bb4 {[%emt 0:03:56]} Rxb5 {[%emt 0:02:30]} 25. cxb5 {[%emt 0:00:29]} Nd5 {[%emt 0:02:20]} 26. a3 {[%emt 0:03:21]} Rxb5 {[%emt 0:02:43]} 27. Rac1 {[%emt 0:04:41]} Nxb4 {[%emt 0:03:20]} 28. axb4 {[%emt 0:01:39]} d3 {[%emt 0:00:24]} 29. Rcd1 {[%emt 0:07:42]} Bxd1 {[%emt 0:02:25]} 30. Rxd1 {[%emt 0:00:06]} Rxb4 {[%emt 0:00:07]} 31. Rxd3 {[%emt 0:00:09]} Rb8 {[%emt 0:03:55]} 32. g4 {[%emt 0:00:09]} Rc8 {[%emt 0:01:21]} 33. Rd5 {[%emt 0:01:01]} f6 {[%emt 0:00:39]} 34. h4 {[%emt 0:02:28]} h6 {[%emt 0:00:51]} 35. Kg2 {[%emt 0:00:44]} Rc7 {[%emt 0:00:25]} 36. Kf3 {[%emt 0:06:04]} Kf7 {[%emt 0:00:15]} 37. Ke4 {[%emt 0:00:45]} Bf8 {[%emt 0:00:32]} 38. Rd7+ {[%emt 0:00:54]} Rxd7 {[%emt 0:00:03]} 39. Nxd7 {[%emt 0:00:05]} Ke7 {[%emt 0:00:42]} 40. Nc5 {[%emt 0:03:43]} Kd6 {[%emt 0:00:39]} 41. Nb7+ {[%emt 0:32:16]} Ke6 {[%emt 0:03:29]} 42. Nd8+ {[%emt 0:00:00]} Ke7 {[%emt 0:05:20]} 43. Nb7 {[%emt 0:00:00]} Kd7 {[%emt 0:06:40]} 44. h5 {[%emt 0:00:00]} gxh5 {[%emt 0:01:01]} 45. gxh5 {[%emt 0:00:00]} Bb4 {[%emt 0:00:44]} 46. Kf5 {[%emt 0:00:00]} Kc7 {[%emt 0:00:52]} 47. Kxf6 {[%emt 0:00:00]} Kxb7 {[%emt 0:00:31]} 48. Kxe5 {[%emt 0:00:00]} Kc6 {[%emt 0:00:08]} 49. f4 {[%emt 0:00:00]} Bc3+ {[%emt 0:00:23]} 50. Ke4 {[%emt 0:00:00]} Kd6 {[%emt 0:00:06]} 51. f5 {[%emt 0:00:00]} Ke7 {[%emt 0:00:04]} 52. f6+ {[%emt 0:00:00]} 1/2-1/2

[Event "18th Prague Open-A 2019"]
[Site "Prague"]
[Date "2019.01.17"]
[Round "8"]
[White "Chkhaidze, Nikoloz"]
[Black "Naumkin, Igor"]
[Result "0-1"]
[WhiteElo "2290"]
[BlackElo "2418"]
[Annotator "TA"]
[PlyCount "60"]
[EventDate "2019.01.11"]
[EventType "swiss"]
[EventCountry "CZE"]
[SourceTitle "playchess.com"]
[Source "ChessBase"]
[SourceQuality "1"]

{[%evp 9,60,6,-12,0,-3,-1,7,-25,-29,-12,12,0,-3,-94,-15,-15,0,-46,-33,-52,-23,-39,-41,-42,-36,-68,-49,-62,-61,-54,-57,-69,-15,-55,-33,-45,-15,-98,-97,-107,-105,-163,-100,-565,-562,-580,-579,-584,-578,-1258,-1525,-1474,-1459]} 1. e4 e5 2. Nf3 Nc6 3. Nc3 Nf6 4. Be2 Bb4 5. Nd5 Bc5 {LiveBook: 16 Games} (5... Nxd5 6. exd5 Nd4 7. Nxd4 exd4 8. O-O O-O 9. a3 Be7 10. d3 d6 11. Bg4 f5 12. Bf3 Bd7 {1-0 (29) Van Foreest,J (2631)-Postny,E (2575) Berlin 2018}) 6. c3 {C47: Scotch Four Knights and Four Knights with 4 g3} Nxe4 7. d4 exd4 8. cxd4 {[#] Qc2 is the strong threat.The position is equal.} (8. O-O {with more complications.} Ne7 9. Qc2 Nxd5 10. Qxe4+ Ne7 11. Qe5) 8... Be7 9. O-O Nf6 $146 ({Predecessor:} 9... O-O 10. Qd3 f5 11. Ne5 Nxe5 12. dxe5 d6 {0-1 (67) Petrosian,D (2394)-Iljiushenok,I (2470) Moscow 2016}) 10. Nxe7 Nxe7 11. d5 (11. Bg5 $11) 11... O-O ({Black should play} 11... Nexd5 $17 12. Bc4 Ne7) 12. d6 $11 cxd6 {[%cal Bc7d6,Bd6d5][%mdl 32]} 13. b3 d5 14. Bb2 Ng6 15. Nd4 d6 16. Rc1 Bd7 17. Bd3 Ne5 18. Bb1 Re8 19. Rc3 Ne4 20. Re3 Qh4 (20... Ng4 $15 21. Re2 Qg5) 21. f3 Nf6 22. Rfe1 a6 23. Nf5 (23. Ba3 $11) 23... Bxf5 $17 24. Bxf5 Qf4 25. Bb1 (25. Bh3 $17 {keeps fighting.}) 25... Re7 (25... Re6 $19 {Hoping for ...Neg4.} 26. Qd4 Qg5) 26. Kh1 $2 {[%mdl 8192]} (26. R3e2 $17 {is a better chance.}) 26... Neg4 $19 {Black is clearly winning.} 27. fxg4 Rxe3 28. Rf1 Qxg4 29. Qc1 Re2 {[%csl Ge2][%cal Rg4g2] [#]} 30. Rg1 Rc8 {Precision: White = 32%, Black = 52%.} 0-1

[Event "18th Prague Open-A 2019"]
[Site "Prague"]
[Date "2019.01.17"]
[Round "8"]
[White "Serrano Salvador, Eduardo"]
[Black "Neuman, Petr"]
[Result "1-0"]
[WhiteElo "2282"]
[BlackElo "2428"]
[Annotator "TA"]
[PlyCount "119"]
[EventDate "2019.01.11"]
[EventType "swiss"]
[EventCountry "CZE"]
[SourceTitle "playchess.com"]
[Source "ChessBase"]
[SourceQuality "1"]

{[%evp 17,119,6,5,10,22,25,27,37,25,25,83,6,4,-9,47,33,43,25,87,85,81,74,75,83,78,75,71,60,140,139,141,140,140,122,98,91,91,50,45,45,37,35,42,11,102,90,90,90,91,91,101,101,101,103,137,137,137,137,137,132,163,162,261,261,261,261,261,261,261,261,271,261,261,261,611,261,261,261,473,458,325,148,1745,1753,1783,1710,1345,1272,1137,1013,759,261,5106,5106,2677,2255,2498,2490,1556,1913,1687,1590,1641,1454]} 1. d4 ({Predecessor:} 1. Nf3 d5 2. g3 g6 3. Bg2 Bg7 4. d4 Nf6 5. c4 c6 6. cxd5 cxd5 7. Nc3 O-O {½-½ (39) Soysal,S (2404)-Petkov,V (2510) Kragujevac 2018}) 1... Nf6 2. Nf3 $146 (2. c4 g6 {½-½ (47) Wojtaszek,R (2727)-Carlsen,M (2839) Porto Carras 2018}) 2... g6 3. c4 Bg7 4. g3 c6 (4... O-O 5. Bg2 c6 6. Nc3 d5 7. cxd5 cxd5 {½-½ (47) Wojtaszek,R (2727)-Carlsen,M (2839) Porto Carras 2018}) 5. Nc3 d5 6. cxd5 cxd5 7. Ne5 O-O 8. Bg2 b6 9. O-O Bb7 10. Be3 {D79: Fianchetto Grünfeld: Symmetrical Variation (6 0-0 c6 7 cxd5 cxd5)} (10. Bf4 Nc6 11. Rc1 Rc8 12. Qd2 e6 13. Rc2 Nxe5 14. Bxe5 Ne8 15. Bxg7 Kxg7 16. Rfc1 Nd6 17. b3 Qf6 18. e3 Ba6 19. a4 {½-½ (47) Wojtaszek,R (2727)-Carlsen,M (2839) Porto Carras 2018}) 10... Ne4 ({Predecessor:} 10... e6 11. Rc1 Ne8 12. Qd2 f6 13. Nd3 Nd6 14. Bf4 Rf7 15. Bxd6 Qxd6 16. Nb5 Qd8 17. Nf4 Na6 18. Nxe6 {½-½ (39) Soysal,S (2404)-Petkov,V (2510) Kragujevac 2018}) 11. Rc1 e6 12. Nxe4 {White has an edge.} dxe4 13. Qc2 Qd5 (13... f5 $11) 14. b3 (14. f3 $1 $16 {[%cal Rf3e4]} Bxe5 15. dxe5 (15. fxe4 Qb5 $16)) 14... f6 $11 15. Nd3 $36 {[%mdl 2112] And now Nf4 would win. Pin. White has the initiative.} f5 ({Black should try} 15... Qd7 $11 16. Qc7 Rc8 17. Qxd7 Nxd7) 16. Nf4 $14 Qd7 17. Qc7 {Black must now prevent Qxd7.} Qxc7 (17... Bd5 $11 {remains equal.}) 18. Rxc7 $16 Bd5 19. Nxd5 exd5 20. Rfc1 Na6 21. Rd7 Rfd8 22. Rb7 Rdb8 (22... Rdc8 $14) 23. Rxb8+ $1 Rxb8 24. Bf4 Rb7 25. e3 Nb4 26. Bd6 Nd3 27. Rc8+ Kf7 28. Bf1 Ke6 29. Ba3 b5 30. Rc6+ (30. Bxd3 $5 exd3 31. Kf1 $14) 30... Kf7 (30... Kd7 $1 $11 {keeps the balance.} 31. Rd6+ {[%mdl 64] Double Attack} Kc8) 31. Bxd3 exd3 {[%mdl 4096] Endgame KRB-KRB} 32. Kf1 $1 b4 33. Bc1 Ke7 34. Ke1 Kd7 35. Rc5 Rc7 36. Rxc7+ ({Weaker is} 36. Rxd5+ Ke6 $17) 36... Kxc7 {KB-KB} 37. Kd2 g5 38. h3 ({Much less strong is} 38. Kxd3 g4 $14) 38... h5 39. f3 $1 ({Don't take} 39. Kxd3 $6 g4 $14) 39... g4 (39... Bf6 $142 40. Kxd3 Kd7) 40. fxg4 $18 fxg4 41. hxg4 hxg4 42. Kxd3 Kd7 43. e4 Ke6 44. Bg5 Bf8 45. Ke3 Bg7 $2 (45... Bd6 46. Bf4 Be7) 46. Bd8 (46. e5 $142) 46... Bh6+ 47. Kd3 Bc1 $2 (47... Kd7 {keeps fighting.} 48. Ba5 dxe4+ 49. Kxe4 Bf8) 48. Ba5 Ba3 49. e5 (49. Bc7 $18) 49... Kf5 $2 {[%mdl 8192]} (49... Ke7 $16 50. Bc7 Ke6) 50. Kc2 $1 Ke6 {[#]} 51. Bd8 $1 {[%cal Rd8g5]} Kf5 52. Bh4 Kg6 53. Be7 Kf5 54. Bc5 $2 (54. Kb1 Kg6 55. Bc5) 54... a6 $2 (54... Kg6 55. Bxa7 Kf7) 55. Bf8 {White is clearly winning.} Kg6 56. Kb1 Kg5 57. Bg7 Kg6 58. Bh8 Kf5 59. Kc2 Ke6 {[#]} 60. Bg7 $1 {Accuracy: White = 64%, Black = 39%.} 1-0

[Event "18th Prague Open-A 2019"]
[Site "Prague"]
[Date "2019.01.17"]
[Round "8"]
[White "Csiki, Endre"]
[Black "Low, Zhen Yu Cyrus"]
[Result "0-1"]
[WhiteElo "2264"]
[BlackElo "2385"]
[Annotator "NA"]
[PlyCount "96"]
[EventDate "2019.01.11"]
[EventType "swiss"]
[EventCountry "CZE"]
[SourceTitle "playchess.com"]
[Source "ChessBase"]
[SourceQuality "1"]
[TimeControl "40/5400+30:1800+30"]

1. e4 {[%emt 0:00:00]} c6 {[%emt 0:00:00]} 2. d4 {[%emt 0:00:00]} d5 {[%emt 0:00:00]} 3. Nc3 {[%emt 0:00:00]} dxe4 {[%emt 0:00:00]} 4. Nxe4 {[%emt 0:00:00]} Nf6 {[%emt 0:00:00]} 5. Nxf6+ {[%emt 0:00:00]} exf6 {[%emt 0:00:00]} 6. c3 {[%emt 0:00:21]} Bd6 {[%emt 0:00:02]} 7. Bd3 {[%emt 0:00:13]} O-O {[%emt 0:00:09]} 8. Qc2 {[%emt 0:00:11]} Re8+ {[%emt 0:00:08]} 9. Ne2 {[%emt 0:00:05]} h5 {[%emt 0:00:07]} 10. Be3 {[%emt 0:10:16]} Be6 {[%emt 0:05:10]} 11. c4 {[%emt 0:09:40]} a5 {[%emt 0:11:11]} 12. O-O {[%emt 0:02:59]} h4 {[%emt 0:02:32]} 13. Nc3 {[%emt 0:16:36]} Na6 {[%emt 0:21:07]} 14. Qe2 {[%emt 0:07:00]} f5 {[%emt 0:08:35]} 15. d5 {[%emt 0:08:59]} f4 {[%emt 0:04:51]} 16. dxe6 {[%emt 0:03:38]} Rxe6 {[%emt 0:00:39]} 17. Ne4 {[%emt 0:13:31]} fxe3 {[%emt 0:00:51]} 18. Rad1 {[%emt 0:01:47]} Qe7 {[%emt 0:15:03]} 19. Nxd6 {[%emt 0:03:47]} Rxd6 {[%emt 0:00:14]} 20. Qxe3 {[%emt 0:00:38]} Qxe3 {[%emt 0:00:34]} 21. fxe3 {[%emt 0:00:10]} Rad8 {[%emt 0:00:51]} 22. Bc2 {[%emt 0:00:43]} Kf8 {[%emt 0:08:15]} 23. Rxd6 {[%emt 0:02:03]} Rxd6 {[%emt 0:00:01]} 24. Rd1 {[%emt 0:00:16]} Rxd1+ {[%emt 0:01:09]} 25. Bxd1 {[%emt 0:00:06]} Ke7 {[%emt 0:00:04]} 26. Kf2 {[%emt 0:00:20]} Nb4 {[%emt 0:00:59]} 27. a3 {[%emt 0:04:02]} Nd3+ {[%emt 0:00:20]} 28. Ke2 {[%emt 0:00:42]} Nxb2 {[%emt 0:00:40]} 29. Bb3 {[%emt 0:00:55]} a4 {[%emt 0:00:47]} 30. Ba2 {[%emt 0:00:06]} Kd6 {[%emt 0:00:10]} 31. Kd2 {[%emt 0:00:05]} Kc5 {[%emt 0:00:09]} 32. Kc3 {[%emt 0:00:18]} Nd1+ {[%emt 0:00:02]} 33. Kd2 {[%emt 0:00:56]} Nf2 {[%emt 0:00:18]} 34. h3 {[%emt 0:02:01]} Ne4+ {[%emt 0:03:05]} 35. Kd3 {[%emt 0:00:05]} Nd6 {[%emt 0:00:04]} 36. Kc3 {[%emt 0:00:15]} f6 {[%emt 0:00:05]} 37. Kd3 {[%emt 0:00:47]} Nf7 {[%emt 0:02:31]} 38. Ke4 {[%emt 0:00:56]} Ne5 {[%emt 0:00:20]} 39. Kf5 {[%emt 0:00:06]} Nxc4 {[%emt 0:00:01]} 40. Kg6 {[%emt 0:00:18]} Nxe3 {[%emt 0:05:26]} 41. Kxg7 {[%emt 0:30:09]} Nxg2 {[%emt 0:30:01]} 42. Kxf6 {[%emt 0:00:17]} Nf4 {[%emt 0:00:06]} 43. Kg5 {[%emt 0:00:23]} Nxh3+ {[%emt 0:00:01]} 44. Kxh4 {[%emt 0:00:08]} Nf2 {[%emt 0:00:18]} 45. Kg3 {[%emt 0:00:05]} Ne4+ {[%emt 0:00:23]} 46. Kf3 {[%emt 0:00:06]} Nc3 {[%emt 0:00:05]} 47. Bg8 {[%emt 0:00:06]} Nb5 {[%emt 0:00:06]} 48. Ke3 {[%emt 0:00:05]} Nxa3 {[%emt 0:00:04] Kd4+} 0-1

[Event "18th Prague Open-A 2019"]
[Site "Prague"]
[Date "2019.01.17"]
[Round "8"]
[White "Mis, Mieszko"]
[Black "Lin, Yi"]
[Result "1/2-1/2"]
[WhiteElo "2242"]
[BlackElo "2359"]
[Annotator "NA"]
[PlyCount "48"]
[EventDate "2019.01.11"]
[EventType "swiss"]
[EventCountry "CZE"]
[SourceTitle "playchess.com"]
[Source "ChessBase"]
[SourceQuality "1"]
[TimeControl "40/5400+30:1800+30"]

1. d4 {[%emt 0:00:00]} Nf6 {[%emt 0:00:00]} 2. c4 {[%emt 0:00:00]} g6 {[%emt 0:00:00]} 3. g3 {[%emt 0:00:22]} c6 {[%emt 0:00:00]} 4. Bg2 {[%emt 0:00:38]} d5 {[%emt 0:00:00]} 5. Qa4 {[%emt 0:00:30]} Nfd7 {[%emt 0:01:55]} 6. cxd5 {[%emt 0:00:18]} Nb6 {[%emt 0:00:05]} 7. Qd1 {[%emt 0:00:37]} cxd5 {[%emt 0:00:06]} 8. Nc3 {[%emt 0:00:18]} Bg7 {[%emt 0:00:42]} 9. e3 {[%emt 0:01:19]} Nc6 {[%emt 0:01:21]} 10. Nge2 {[%emt 0:00:21]} O-O {[%emt 0:01:34]} 11. O-O {[%emt 0:00:41]} Bg4 {[%emt 0:13:51]} 12. h3 {[%emt 0:15:46]} Bxe2 {[%emt 0:00:08]} 13. Qxe2 {[%emt 0:00:04]} Rc8 {[%emt 0:00:45]} 14. Bd2 {[%emt 0:06:00]} e6 {[%emt 0:02:32]} 15. Rfc1 {[%emt 0:04:22]} Nc4 {[%emt 0:02:07]} 16. Be1 {[%emt 0:03:15]} Qd7 {[%emt 0:03:11]} 17. b3 {[%emt 0:04:45]} Nd6 {[%emt 0:00:17]} 18. Na4 {[%emt 0:02:05]} b6 {[%emt 0:06:50]} 19. Qd3 {[%emt 0:11:43]} Ne7 {[%emt 0:02:15]} 20. Bf1 {[%emt 0:04:03]} Rxc1 {[%emt 0:04:43]} 21. Rxc1 {[%emt 0:00:27]} Rc8 {[%emt 0:00:13]} 22. Rxc8+ {[%emt 0:02:26]} Ndxc8 {[%emt 0:05:07]} 23. Nc3 {[%emt 0:03:16]} Nc6 {[%emt 0:04:41]} 24. Qa6 {[%emt 0:06:18]} Nb8 {[%emt 0:03:14]} 1/2-1/2

[Event "18th Prague Open-A 2019"]
[Site "Prague"]
[Date "2019.01.17"]
[Round "8"]
[White "Kozak, Antoni"]
[Black "Liu, Guanchu"]
[Result "1/2-1/2"]
[WhiteElo "2236"]
[BlackElo "2425"]
[Annotator "TA"]
[PlyCount "43"]
[EventDate "2019.01.11"]
[EventType "swiss"]
[EventCountry "CZE"]
[SourceTitle "playchess.com"]
[Source "ChessBase"]
[SourceQuality "1"]

{[%evp 18,43,35,35,81,66,66,78,113,128,183,118,127,96,135,38,43,44,41,50,80,36,78,23,58,49,78,50]} 1. Nf3 f5 2. d4 Nf6 3. g3 g6 4. Bg2 Bg7 5. O-O O-O 6. Nbd2 d6 7. Re1 Ne4 8. Nxe4 {A81: Dutch Defence: 2 g3} fxe4 9. Ng5 d5 10. f3 {LiveBook: 6 Games. White is slightly better.} c5 $146 ({Predecessor:} 10... Nc6 11. c3 exf3 12. exf3 e5 13. dxe5 h6 14. Nh3 Nxe5 15. Nf4 c6 16. Rxe5 Bxe5 17. Nxg6 {½-½ (44) Andonovski,L (2282)-Andreikin,D (2723) Struga 2015}) 11. dxc5 h6 12. Nh3 Bxh3 13. Bxh3 Na6 {[#]} (13... Nc6 $16) 14. Be6+ (14. fxe4 $1 $18 d4 15. Qd3) 14... Kh7 $16 15. Bxd5 Nxc5 {[#]} 16. Bxe4 ({Don't take} 16. fxe4 $6 e6 $14) (16. c3 $1 $16) 16... Nxe4 $14 17. Qxd8 ({But not} 17. fxe4 Qb6+ 18. e3 (18. Kh1 $2 Rad8 $19) 18... Qe6 $11) 17... Raxd8 18. fxe4 Bd4+ 19. Kh1 g5 20. c3 ({Better is} 20. a4 $16) 20... Bb6 21. a4 a5 22. Rb1 {Accuracy: White = 48%, Black = 31%.} 1/2-1/2